000 00449nam a2200181 a 4500
001 9342
003 CO-ViMGA
008 141112s2004 ck r 000 u spa d
040 _aCO-ViMGA
_bspa
_cCO-ViMGA
082 0 4 _aR463 D545
245 1 0 _aDiccionario de la lengua española.
250 _a2
260 _aBogotá :
_bNorma,
_c1995
300 _a826p.
650 1 4 _aDICCIONARIO
_910129
650 1 4 _aDICCIONARIO ESPAÑOL
_910130
942 _2ddc
_cBK
999 _c20872
_d20872